| 000 | 00683cab a2200265 4500 | ||
|---|---|---|---|
| 001 | ABS60243 | ||
| 008 | 090401t1999 xxu||||| |||| 00| 0 eng d | ||
| 035 | _a(Sirsi) u99747 | ||
| 041 | _aeng | ||
| 245 | _aForecasts for agricultural land prices (1999-2001) | ||
| 260 | _c1999 | ||
| 350 | _a0 | ||
| 490 |
_aFarmland Market _v(51) Spring 1999, 8-11(4) |
||
| 520 | _aReviews farmland prices for 1998, and offers predictions for 1999 and 2000. | ||
| 650 | _a1999 | ||
| 650 | _a2000 | ||
| 650 | _a2001 | ||
| 650 | _aFARMLAND PRICES | ||
| 650 | _aFORECASTS | ||
| 650 | _aPREDICTIONS | ||
| 650 | _aRICS | ||
| 690 | _aRURAL PRACTICE | ||
| 942 | _n0 | ||
| 948 | _c05/03/1999 | ||
| 999 |
_c59983 _d59983 |
||